| 000 | 00946nam a2200217 a 4500 | ||
|---|---|---|---|
| 001 | 000044293 | ||
| 005 | 20250217091458.0 | ||
| 008 | 140612s2006 dr ab 000 0bspa d | ||
| 020 | _a9945859404 | ||
| 040 |
_aDO-SdBNP _bspa _cBNPHU |
||
| 082 |
_a922.2 _bL864m |
||
| 100 | 1 |
_a López Rodríguez, Nicolás de Jesús, _d1936- _9670 |
|
| 245 | 1 | 0 |
_aMi vida pastoral : _bministerio episcopal en San Francisco de Macorís 1978-1981 y 25 años pastoreando la Arquidiócesis de Santo Domingo 1981-2006 / _cNicolás de Jesús López Rodríguez. |
| 260 |
_aSanto Domingo : _bArzobispado de Santo Domingo, _c2006. |
||
| 300 |
_a453 p. : _bil., retrs. ; _c23 cm. |
||
| 590 | _aInventariado, 2019/MFF | ||
| 600 | 1 | 0 |
_a López Rodríguez, Nicolás de Jesús, _d1936- _9670 |
| 650 | 4 |
_aObispos _zRepública Dominicana _vBIOGRAFÍAS _972294 |
|
| 651 | 4 |
_aRepública Dominicana _xHistoria Eclesiástica _ySIGLO XX _92410 |
|
| 910 | _aValidado. Control de calidad MFF | ||
| 999 |
_c43782 _d43782 |
||